1950 March Madness Teams - Statistics

General Stats
  • This quiz has been taken 16 times
  • The average score is 3 of 8
Answer Stats
Place in Tourney Team % Correct
Eliminated UCLA
90%
Eliminated Ohio State
70%
Fourth Place Baylor
50%
Winner CCNY
20%
Eliminated Holy Cross
20%
Eliminated BYU
10%
Runner-Up Bradley
0%
Third Place NC State
0%
No matching quizzes found
Score Distribution
Percent of People with Each Score
Percentile by Number Answered
Your Score History
You have not taken this quiz